| 000 | 00404cam a22001337a 4500 | ||
|---|---|---|---|
| 008 | 180718b1948 xxu||||| |||| 00| 0 eng d | ||
| 082 | _aA38 V889 | ||
| 100 | _aVoltaire | ||
| 245 |
_aSelected works of Voltaire _cby Voltaire and translated by Joseph McCabe |
||
| 260 |
_aLondon _bWatts _c1948 |
||
| 300 | _a214p. | ||
| 650 | _aVoltaire, 1694-1778 --Translations into English | ||
| 700 | _aMcCabe, Joseph,tr. | ||
| 999 |
_c433638 _d433638 |
||